Random Countries by Random Cities - Statistics

General Stats
  • This quiz has been taken 23 times
  • The average score is 8 of 10
Answer Stats
#1 City #2 City #3 City #4 City #5 City Country % Correct
Panama City Santiago La Palma Bocas Town Alanje Panama
100%
Puebla Culican Chihuahua San Luis Potosí Durango Mexico
95%
Valencia Las Palmas de Gran Canaria Bilbao Barcelona Alicante Spain
95%
Port Sudan Nyala Shendi Sennar Geneina Sudan
95%
Nairobi Nakuru Thika Kisii Kakamega Kenya
90%
Lahore Gujranwala Quetta Sialkot Jhang Pakistan
90%
Daegu Ulsan Pohang Suwon Jeju South Korea
90%
Saint-Louis Kolda Kaffrine Fatick Kédougou Senegal
60%
Santiago La Romana La Vega Azua Bonano Dominican Republic
55%
Bulawayo Kwekwe Kariba Ruwa Epworth Zimbabwe
50%
No matching quizzes found
Score Distribution
Percent of People with Each Score
Percentile by Number Answered
Your Score History
You have not taken this quiz